00655 2200241 4500001002100000005001700021008004100038035002400079082001000103090001700113100001700130245008000147250001100227260003100238300002500269500003100294650002600325850001500351980001300366985000600379986001300385999001500398YOGYA-0209000000331920090227020621.0 ind  0010-020900000003319 a621.9 a621.9bFri P aFRICK, Heinz aPeralatan pembangunanbkonstruksi, penggunaan dan pemeliharaancHeinz Frick aCet. 1 aYogyakartabKanisiusc1990 a190 hlmbilusc21 cm aBibliografi : hlm. 187-188 aPeralatan pembangunan aYOPDYOG[B] a13-02-06 a1 afwhrtrev a93P0037349